El saqueo de Afinsa (Record no. 185326)

MARC details
000 -LEADER
campo de control de longitud fija 00869nam a2200241 i 4500
001 - NÚMERO DE CONTROL
campo de control 185326
003 - IDENTIFICADOR DE NÚMERO DE CONTROL
campo de control SpMaBN
005 - FECHA Y HORA DE LA ÚLTIMA TRANSACCIÓN
campo de control 20231130180408.0
008 - DATOS DE LONGITUD FIJA--INFORMACIÓN GENERAL
campo de control de longitud fija 160520s2015 sp |||| | spa d
020 ## - NÚMERO INTERNACIONAL ESTÁNDAR DEL LIBRO
Número Internacional Estándar del Libro 978-84-16-61110-2
080 ## - NÚMERO DE LA CLASIFICACIÓN DECIMAL UNIVERSAL
Número de la Clasificación Decimal Universal 336.714(460.27 M.)
100 1# - ENTRADA PRINCIPAL--NOMBRE DE PERSONA
Nombre de persona Hernán, Mila.
9 (RLIN) 159587
245 13 - MENCIÓN DEL TÍTULO
Título El saqueo de Afinsa
Resto del título : una intervención político-financiera de diseño /
Mención de responsabilidad, etc. Mila Hernán Álvarez.
250 ## - MENCION DE EDICION
Mención de edición Nueva ed. corr. y aum.
260 ## - PUBLICACIÓN, DISTRIBUCIÓN, ETC.
Lugar de publicación, distribución, etc. Sevilla :
Nombre del editor, distribuidor, etc. Punto Rojo Libros,
Fecha de publicación, distribución, etc. 2015.
300 ## - DESCRIPCIÓN FÍSICA
Extensión 574, 4 p. ;
Dimensiones 24 cm.
610 27 - PUNTO DE ACCESO ADICIONAL DE MATERIA--NOMBRE DE ENTIDAD CORPORATIVA
Nombre de entidad corporativa o nombre de jurisdicción como elemento de entrada Afinsa Bienes Tangibles.
9 (RLIN) 159588
610 27 - PUNTO DE ACCESO ADICIONAL DE MATERIA--NOMBRE DE ENTIDAD CORPORATIVA
Nombre de entidad corporativa o nombre de jurisdicción como elemento de entrada Fórum Filatélico.
9 (RLIN) 159589
852 ## - LOCALIZACIÓN
Ubicación ES-MaACL
Número de control de estantería A-13766
Sublocalización o colección R.151016
Ubicación en estantería Depósito 1
Signatura antigua Olim: N-6766
Anotaciones manuscritas Dedicatoria autógrafa de la autora
Donativo/Legado Donación: Mila Hernán Álvarez
903 ## - NOMBRE PERSONAL DE DONANTE
9 159587
a Hernán, Mila
e Donante
942 ## - ELEMENTOS DE ENTRADA SECUNDARIOS (KOHA)
Fuente del sistema de clasificación o colocación Clasificación decimal universal
Tipo de ítem Koha Libro impreso
Holdings
Estatus retirado Estado de pérdida Fuente del sistema de clasificación o colocación Estado de daño No para préstamo Biblioteca de origen Biblioteca actual Ubicación en estantería Fecha de adquisición Fuente de adquisición Total de préstamos Signatura topográfica completa Código de barras Visto por última vez Precio de reemplazo Tipo de ítem Koha Nota pública
    Clasificación decimal universal     Biblioteca del Ateneo de Madrid Biblioteca del Ateneo de Madrid Depósito 1 20/05/2016 Donación   A-13766 1195253 23/02/2023 23/02/2023 Libro impreso Dedicatoria autógrafa de la autora